| 000 | 01730nam1a22003611 4500 | ||
|---|---|---|---|
| 001 | rc\4280352 | ||
| 005 | 20230404134703.0 | ||
| 021 |
_aRU _b[59-5639] |
||
| 021 |
_aRU _b[63-101844] |
||
| 035 | _a(NLR Aleph) 008493153 | ||
| 090 |
_a8062290 _c8062290 |
||
| 100 | _a20130416g19581963|||y0rusy50 ca | ||
| 101 | 0 | _arus | |
| 102 | _aRU | ||
| 105 | _ay aj ||||| | ||
| 200 | 1 |
_aБиблиография общественно-политической литературы _e[Учебник для библиотеч. ин-тов] _eЧ.1-2 _fМ-во культуры РСФСР. Моск. гос. библиотеч. ин-т |
|
| 210 |
_aМосква _cСов. Россия _d1958-1963 |
||
| 215 |
_a2 т. _d20 |
||
| 300 | _aПеред загл. авт.: ч. 1 - Л.А. Левин, Р.М. Савицкая и О.П. Коршунов; ч. 2 - Н.И. Сахаров, Г.П. Фонотов, М.К. Архипова, М.И. Левин | ||
| 606 |
_aБиблиография общественно-политической литературы _jУчебники и пособия _2psbo |
||
| 701 | 1 |
_aФонотов _bГ. П. |
|
| 701 | 1 |
_aСахаров _bН. И. _gНиколай Иванович |
|
| 701 | 1 |
_aЛевин _bМ. И. _cд-р техн. наук, дизели _f1914-2007 _gМарк Иосифович _3RU\NLR\AUTH\770254548 _4070 |
|
| 701 | 1 |
_aАрхипова _bМ. К. |
|
| 701 | 1 |
_aЛевин _bЛ. А. _cд-р пед. наук _f1909-1993 _gЛев Абрамович _3RU\NLR\AUTH\770253512 _4070 |
|
| 701 | 1 |
_aКоршунов _bО. П. |
|
| 701 | 1 |
_aСавицкая _bР. М. |
|
| 801 | 0 |
_aRU _bNLR _gpsbo |
|
| 801 | 1 |
_aRU _bELAR _2rusmarc |
|
| 852 |
_aNLR _jБ Б573/Л-363 |
||
| 942 | _cBOOK | ||
| 980 | _aNB | ||